His side versus our side: (Record no. 5790)

000 -LEADER
fixed length control field 00724nam a2200193 a 4500
001 - CONTROL NUMBER
control field :::00003532$&:&@@
003 - CONTROL NUMBER IDENTIFIER
control field OkBaRHE
005 - DATE AND TIME OF LATEST TRANSACTION
control field 20000607103307.0
008 - FIXED-LENGTH DATA ELEMENTS--GENERAL INFORMATION
fixed length control field s1940 j 000 0 eng u
040 ## - CATALOGING SOURCE
Transcribing agency
100 1# - MAIN ENTRY--PERSONAL NAME
Personal name Harrison, Norman B.
245 10 - TITLE STATEMENT
Title His side versus our side:
Remainder of title Galatians - God's great antithesis.
260 ## - PUBLICATION, DISTRIBUTION, ETC. (IMPRINT)
Place of publication, distribution, etc Minneapolis, MN.,
Name of publisher, distributor, etc The Harrison Service, Inc.
Date of publication, distribution, etc c1940
300 ## - PHYSICAL DESCRIPTION
Extent 128 p. ;
Dimensions 19 cm.
650 ## - SUBJECT ADDED ENTRY--TOPICAL TERM
Topical term or geographic name as entry element Bible New Testament Galatians
General subdivision Criticism, Interpretation, etc.
942 ## - ADDED ENTRY ELEMENTS (KOHA)
Source of classification or shelving scheme
Koha item type Books
Copies
Copy number Koha item type Permanent Location Date last seen Shelving location Lost status Date acquired Barcode Full call number Price effective from Not for loan Damaged status Withdrawn status Source of classification or shelving scheme
1BooksRHEMA Bible Training College2018-04-03General Stacks 2010-04-143532BS 2685 .H32010-04-14    
2BooksRHEMA Bible Training College2018-04-03General Stacks 2010-04-1420757BS 2685 .H32010-04-14